Państwa o najtańszym paliwie - Statystyki

Ogólne statystyki
  • Ten quiz został rozwiązany 73 razy
  • Średni wynik to 7 z 15
Statystyki odpowiedzi
rank państwo cena zł/l % Poprawnych
3 Iran 0.256
74%
12 Irak 2.457
73%
1 Wenezuela 0.106
71%
13 Egipt 2.472
59%
6 Kuwejt 1.633
57%
5 Algieria 1.498
51%
2 Libia 0.147
51%
14 Bahrajn 2.540
46%
8 Nigeria 1.995
43%
4 Syria 1.368
40%
15 Boliwia 2.598
37%
10 Kazachstan 2.099
34%
9 Turkmenistan 2.050
29%
7 Angola 1.783
26%
11 Malezja 2.217
19%
Nie znaleziono quizów pasujących do podanych kryteriów
Rozkład punktacji
Procent ludzi z każdym wynikiem
Percentyl według liczby udzielonych odpowiedzi
Twoja historia wyników
Nie rozwiązałeś tego quizu